[Event "Tula Sinitsin Memorial"]
[Site "Tula"]
[Date "2010.05.??"]
[Round "16"]
[White "Zubarev, Valery"]
[Black "Kuznezov, Albert"]
[Result "0-1"]
[WhiteElo "1896"]
[BlackElo "2019"]
[PlyCount "106"]
[EventDate "2010.04.??"]
[EventType "tourn"]
[EventRounds "17"]
[EventCountry "RUS"]
[SourceTitle "EXT 2012"]
[Source "ChessBase"]
[SourceDate "2011.11.24"]
[SourceVersion "1"]
[SourceVersionDate "2011.11.24"]
[SourceQuality "1"]

1. e4 e6 2. d4 d5 3. Nd2 Nf6 4. e5 Nfd7 5. Bd3 c5 6. c3 Nc6 7. Ne2 Qb6 8. Nf3 cxd4 9. cxd4 Bb4+ 10. Bd2 Qa5 11. Bc3 0-0 12. Qc2 h6 13. a3 Bxc3+ 14. bxc3 Qc7 15. 0-0 Nb6 16. a4 Na5 17. h3 Bd7 18. Nh2 Nbc4 19. Ng4 Qd8 20. f4 h5 21. Nh6+ gxh6 22. Rf3 h4 23. Bh7+ Kh8 24. Kh2 f5 25. exf6 Qxf6 26. g4 Rf7 27. Bg6 Rg7 28. Bh5 Rf8 29. Raf1 Be8 30. Bxe8 Rxe8 31. Nc1 h5 32. g5 Qg6 33. Qf2 Nd6 34. Nd3 Nac4 35. Ne5 Nxe5 36. dxe5 Nf5 37. Qxa7 b5 38. Qa6 bxa4 39. Qxa4 Rb7 40. R1f2 Reb8 41. Qa2 Ng3 42. Qc2 Qxc2 43. Rxc2 Rb2 44. Rff2 Rxc2 45. Rxc2 Rc8 46. Rb2 Rc6 47. Rb7 Kg8 48. Re7 Kf8 49. Rh7 Rxc3 50. Rh6 Rc2+ 51. Kg1 d4 52. Rxe6 d3 53. Rd6 d2 0-1

[Event "Tula Sinitsin Memorial"]
[Site "Tula"]
[Date "2010.04.??"]
[Round "4"]
[White "Kinin, Igor"]
[Black "Kuznezov, Albert"]
[Result "1/2-1/2"]
[WhiteElo "2019"]
[BlackElo "2019"]
[PlyCount "96"]
[EventDate "2010.04.??"]
[EventType "tourn"]
[EventRounds "17"]
[EventCountry "RUS"]
[SourceTitle "EXT 2012"]
[Source "ChessBase"]
[SourceDate "2011.11.24"]
[SourceVersion "1"]
[SourceVersionDate "2011.11.24"]
[SourceQuality "1"]

1. d4 d5 2. c4 e6 3. Nc3 Nf6 4. Nf3 Nbd7 5. e3 c6 6. Bd3 Be7 7. 0-0 0-0 8. Re1 Re8 9. e4 dxe4 10. Nxe4 Nxe4 11. Bxe4 Bf6 12. Qc2 g6 13. Be3 e5 14. d5 cxd5 15. Bxd5 Nb6 16. Be4 Qc7 17. b3 Be6 18. Ng5 Bd7 19. Rad1 Rad8 20. h4 Bc6 21. h5 Bxe4 22. Nxe4 Be7 23. hxg6 hxg6 24. Rd3 Rxd3 25. Qxd3 Rd8 26. Qc2 Nd5 27. Bd2 Nf6 28. Be3 Nd7 29. Rd1 f5 30. Nc3 Nf6 31. Qe2 e4 32. Rxd8+ Qxd8 33. Qd2 Kf7 34. Ne2 Qxd2 35. Bxd2 Ng4 36. Bc3 Bc5 37. Bd4 Bxd4 38. Nxd4 a6 39. Kf1 Kf6 40. Ke2 Ke5 41. Nc2 f4 42. f3 Nh6 43. Nb4 Nf5 44. fxe4 Kxe4 45. Nd5 g5 46. Nf6+ Kd4 47. Nd5 b5 48. Nc7 bxc4 1/2-1/2

[Event "Tula Sinitsin Memorial"]
[Site "Tula"]
[Date "2010.04.??"]
[Round "11"]
[White "Kuznezov, Albert"]
[Black "Biriukov, Ilja"]
[Result "0-1"]
[WhiteElo "2019"]
[BlackElo "2176"]
[PlyCount "54"]
[EventDate "2010.04.??"]
[EventType "tourn"]
[EventRounds "17"]
[EventCountry "RUS"]
[SourceTitle "EXT 2012"]
[Source "ChessBase"]
[SourceDate "2011.11.24"]
[SourceVersion "1"]
[SourceVersionDate "2011.11.24"]
[SourceQuality "1"]

1. e4 e5 2. Nf3 d6 3. d4 exd4 4. Nxd4 g6 5. Be3 Bg7 6. c3 Nf6 7. Nd2 0-0 8. Be2 Re8 9. Qc2 d5 10. 0-0-0 dxe4 11. Bg5 Qe7 12. Rhe1 c5 13. N4b3 Nc6 14. Bb5 Bf5 15. g4 Bxg4 16. Nxe4 Bxd1 17. Qxd1 Qc7 18. Bxf6 Qf4+ 19. Qd2 Rxe4 20. Rxe4 Qxe4 21. Bxg7 Kxg7 22. Nxc5 Qh1+ 23. Kc2 Rd8 24. Nd7 Qe4+ 25. Kc1 Qe7 26. Bxc6 bxc6 27. Qd4+ f6 0-1

[Event "Tula Sinitsin Memorial"]
[Site "Tula "]
[Date "2007.04.26"]
[Round "13"]
[White "Kuznezov, Albert"]
[Black "Novikov, Konstantin Ivan"]
[Result "0-1"]
[WhiteElo "2069"]
[BlackElo "2218"]
[PlyCount "104"]
[EventDate "2007.04.06"]
[EventType "tourn"]
[EventRounds "13"]
[EventCountry "RUS"]
[SourceTitle "EXT 2008"]
[Source "ChessBase"]
[SourceDate "2007.11.25"]
[SourceVersion "1"]
[SourceVersionDate "2007.11.25"]
[SourceQuality "1"]

1. d4 b5 2. Nf3 Bb7 3. e3 b4 4. a3 bxa3 5. Nxa3 e6 6. Be2 c5 7. c3 Nf6 8. 0-0 Nc6 9. Nc4 Be7 10. Nce5 0-0 11. Nxc6 Bxc6 12. Ne5 Bb7 13. Bf3 d5 14. Be2 a5 15. Bb5 Qc7 16. h3 Bd6 17. Nf3 Rfb8 18. Bd3 Ba6 19. Bxa6 Rxa6 20. dxc5 Qxc5 21. Qd3 Raa8 22. Nd2 Bc7 23. Qe2 Qd6 24. g3 h5 25. h4 Ng4 26. Ra4 f5 27. f4 Qc6 28. Rd4 Bb6 29. Nf3 Bxd4 30. exd4 Qa6 31. Qd2 Nf6 32. Ng5 Ne4 33. Nxe4 dxe4 34. Rd1 Qc4 35. Kf2 Rb5 36. Qe2 Qxe2+ 37. Kxe2 a4 38. Kd2 Rc8 39. Re1 Kf7 40. Re3 Ke7 41. Kc2 Kd6 42. Kb1 Kd5 43. Ka2 Kc4 44. Ka3 Rb3+ 45. Ka2 a3 46. bxa3 Rxc3 47. Re1 Rb8 48. Bb2 Rc2 49. Rb1 Rb3 50. Ka1 Rxg3 51. a4 Rb3 52. Ka2 e3 0-1

[Event "Tula Rassadnev Memorial"]
[Site "Tula"]
[Date "2006.02.15"]
[Round "10"]
[White "Drizgalovich, Mikhail"]
[Black "Kuznezov, Albert"]
[Result "1-0"]
[WhiteElo "2123"]
[BlackElo "2098"]
[PlyCount "103"]
[EventDate "2006.02.01"]
[EventType "tourn"]
[EventRounds "15"]
[EventCountry "RUS"]
[SourceTitle "EXT 2007"]
[Source "ChessBase"]
[SourceDate "2006.11.23"]
[SourceVersion "1"]
[SourceVersionDate "2006.11.23"]
[SourceQuality "1"]

1. d4 d5 2. c4 c6 3. Nf3 Nf6 4. Qc2 e6 5. g3 Be7 6. Bg2 0-0 7. 0-0 Nbd7 8. Nbd2 Re8 9. b3 Nf8 10. Bb2 h6 11. e4 dxe4 12. Nxe4 Nxe4 13. Qxe4 Bf6 14. Rad1 Qc7 15. Rfe1 b6 16. Ne5 Bxe5 17. dxe5 Bb7 18. Ba3 Rad8 19. Bd6 Qc8 20. b4 Rd7 21. c5 Ng6 22. Rd4 Ne7 23. Bxe7 Rxd4 24. Qxd4 Rxe7 25. Rd1 Rc7 26. cxb6 axb6 27. Qxb6 Kh7 28. Be4+ g6 29. h4 c5 30. Bxb7 Rxb7 31. Qxc5 Qxc5 32. bxc5 Rb2 33. Ra1 Rc2 34. a4 Rxc5 35. a5 Rc7 36. f4 g5 37. a6 Ra7 38. h5 Kg7 39. Kf2 gxf4 40. gxf4 Kf8 41. Ke3 Ke7 42. Kd4 Kd7 43. Kc5 Kc7 44. Ra4 Kb8 45. Kb6 Rd7 46. Rc4 Rd8 47. Rc7 Rf8 48. Re7 Ka8 49. Kc6 Kb8 50. Kd6 Ka8 51. Rd7 f6 52. Ke7 1-0